000 00737cam a22002415a 4500
001 L159722
008 150226s2017 xxk f 000 0 eng d
035 _a(Sirsi) u159722
041 0 _aeng
100 1 _aHooper, Brendon
_96168
245 0 0 _aCanada's golden goose
260 _c2017
490 _aModus
_vMarch 2017, 30-31 (4)
520 _aAs business booms in Vancouver, so does its population and the city is becoming a victim of its own sucess with short housing supply and increasing house prices.
590 _aKA
650 2 4 _aHOUSE PRICES
650 2 4 _aHOUSE BUILDING MARKET
650 2 4 _aHOUSING CRISIS
650 2 4 _aHOUSING SUPPLY
651 4 _aCanada
690 _aResidential property
_96266
942 _n0
_2ddc
999 _c84933
_d84933